[Event "LSS No Engine Cup 213 Preliminary 0"]
[Site "LSS email"]
[Date "2021.01.28"]
[Round "?"]
[White "Law, Steve"]
[Black "Schleef, Harald"]
[Result "0-1"]
[WhiteElo "1681"]
[BlackElo "2343"]
[PlyCount "72"]
[EventDate "2021.01.28"]
[EventType "tourn (corr)"]
[EventRounds "6"]
[EventCountry "GER"]
[SourceTitle "Corr 2024"]
[Source "ChessBase"]
[SourceDate "2023.10.19"]
[SourceVersion "1"]
[SourceVersionDate "2023.10.19"]
[SourceQuality "1"]

1. e4 e5 2. Bc4 Nf6 3. d3 c6 4. Bb3 a5 5. c3 d5 6. Nf3 Bd6 7. Bg5 dxe4 8. dxe4 h6 9. Bh4 Qe7 10. Nbd2 Bc7 11. 0-0 Nbd7 12. Qe2 Nc5 13. Bc2 Ne6 14. Bg3 Nh5 15. Rfd1 Nef4 16. Qe1 a4 17. Nh4 Qc5 18. a3 Bg4 19. Ndf3 Qb5 20. Rab1 0-0 21. Kh1 Rfd8 22. Bxf4 Nxf4 23. Nf5 Rxd1 24. Bxd1 Nd3 25. Qe2 Bxf5 26. exf5 Bb6 27. g3 Nxf2+ 28. Kg2 Nxd1 29. Qxd1 e4 30. Nd4 Qe5 31. g4 Rd8 32. Qxa4 c5 33. Qb5 Bc7 34. Ne2 Qxh2+ 35. Kf1 e3 36. Qxc5 Qf2# 0-1

[Event "LSS No Engine Cup 213 Preliminary 0"]
[Site "LSS email"]
[Date "2021.01.28"]
[Round "?"]
[White "Louro, Eugenio"]
[Black "Law, Steve"]
[Result "0-1"]
[WhiteElo "2015"]
[BlackElo "1681"]
[PlyCount "64"]
[EventDate "2021.01.28"]
[EventType "tourn (corr)"]
[EventRounds "6"]
[EventCountry "GER"]
[SourceTitle "Corr 2024"]
[Source "ChessBase"]
[SourceDate "2023.10.19"]
[SourceVersion "1"]
[SourceVersionDate "2023.10.19"]
[SourceQuality "1"]

1. e4 c5 2. Nf3 Nc6 3. d4 cxd4 4. Nxd4 Nf6 5. Nc3 e5 6. Ndb5 d6 7. Bg5 a6 8. Na3 b5 9. Nd5 Be7 10. Nxe7 Nxe7 11. Qf3 Nd7 12. c4 b4 13. Nc2 a5 14. Rd1 Nc5 15. Be3 Qc7 16. Bxc5 dxc5 17. Ne3 0-0 18. Be2 Ra6 19. Nd5 Nxd5 20. cxd5 Rg6 21. 0-0 f5 22. Rfe1 f4 23. Bc4 Qd6 24. Rc1 Bg4 25. Qd3 f3 26. g3 Rh6 27. Bb3 Rxh2 28. Kxh2 Qh6+ 29. Kg1 Bh3 30. d6+ Kh8 31. Qe3 Qh5 32. Bf7 g6 0-1

[Event "LSS No Engine Cup 213 Preliminary 0"]
[Site "LSS email"]
[Date "2021.01.28"]
[Round "?"]
[White "Madrid, Pedro"]
[Black "Law, Steve"]
[Result "0-1"]
[WhiteElo "1711"]
[BlackElo "1681"]
[PlyCount "64"]
[EventDate "2021.01.28"]
[EventType "tourn (corr)"]
[EventRounds "6"]
[EventCountry "GER"]
[SourceTitle "Corr 2024"]
[Source "ChessBase"]
[SourceDate "2023.10.19"]
[SourceVersion "1"]
[SourceVersionDate "2023.10.19"]
[SourceQuality "1"]

1. d4 Nf6 2. Nf3 g6 3. Bg5 Bg7 4. Nbd2 0-0 5. e4 d5 6. exd5 Nxd5 7. c3 Nd7 8. Bc4 N7f6 9. 0-0 b6 10. Re1 Bb7 11. Qb3 h6 12. Bh4 Nf4 13. Bg3 N6h5 14. Bxf4 Nxf4 15. g3 Nh3+ 16. Kf1 Qd7 17. Re3 a5 18. a4 Qf5 19. Bd3 Qh5 20. Be4 Ba6+ 21. Kg2 Rad8 22. Rae1 Bc8 23. Kf1 Kh7 24. Qb5 Qxb5+ 25. axb5 Ng5 26. Nxg5+ hxg5 27. f4 gxf4 28. gxf4 Bh6 29. Rf3 e5 30. Nb3 exf4 31. Bc6 Bg4 32. Rf2 Bg5 0-1

[Event "SD-2016-0-00262"]
[Site "LSS email"]
[Date "2016.08.13"]
[Round "?"]
[White "Law, Steve"]
[Black "Metz, Larry R"]
[Result "0-1"]
[WhiteElo "1476"]
[BlackElo "1656"]
[PlyCount "56"]
[EventDate "2016.06.28"]
[EventType "tourn (corr)"]
[EventRounds "6"]
[EventCountry "GER"]
[SourceTitle "Corr 2022"]
[Source "ChessBase"]
[SourceDate "2021.10.24"]
[SourceVersion "1"]
[SourceVersionDate "2021.10.24"]
[SourceQuality "1"]

1. c4 e5 2. Nc3 Nc6 3. g3 Nf6 4. Bg2 Bc5 5. e3 0-0 6. Nge2 d6 7. 0-0 Bg4 8. h3 Bd7 9. a3 Bb6 10. d4 a5 11. b3 Qc8 12. Kh2 Re8 13. Bb2 exd4 14. exd4 Ne7 15. b4 axb4 16. axb4 Rxa1 17. Qxa1 c6 18. Na4 Bd8 19. Nf4 Nf5 20. d5 cxd5 21. Nxd5 Nxd5 22. Bxd5 Ne7 23. Bxg7 Nxd5 24. cxd5 Qc2 25. Bh8 f6 26. Bxf6 Bxf6 27. Qxf6 Bxa4 28. Qxd6 Bb5 0-1

[Event "IECG TE.2005.S.02005 email"]
[Site "IECG email"]
[Date "2007.12.08"]
[Round "?"]
[White "Law, Steve"]
[Black "Gonzalez, Alejandro Raul"]
[Result "0-1"]
[WhiteElo "1720"]
[BlackElo "1888"]
[PlyCount "36"]
[EventDate "2007.12.08"]
[EventType "tourn (corr)"]
[EventRounds "12"]
[SourceTitle "Corr 2024"]
[Source "ChessBase"]
[SourceDate "2023.10.19"]
[SourceVersion "1"]
[SourceVersionDate "2023.10.19"]
[SourceQuality "1"]

1. e4 e5 2. Nf3 Nc6 3. c3 d5 4. Bb5 dxe4 5. Nxe5 Qd5 6. Qa4 Nge7 7. f4 Bd7 8. Nxd7 Kxd7 9. 0-0 a6 10. Be2 f5 11. d3 exd3 12. Bxd3 Rd8 13. Be2 Kc8 14. Be3 Qe6 15. Kf2 Nd5 16. Bd2 Bc5+ 17. Kf3 Ne3 18. Re1 Qd5+ 0-1

[Event "IECG TE.2006.S.01905"]
[Site "IECG email"]
[Date "2006.08.19"]
[Round "1"]
[White "Agnew, George"]
[Black "Law, Steve"]
[Result "0-1"]
[WhiteElo "1093"]
[BlackElo "1767"]
[PlyCount "44"]
[EventDate "2006.08.19"]
[EventType "tourn (corr)"]
[EventRounds "2"]
[SourceTitle "Corr 2024"]
[Source "ChessBase"]
[SourceDate "2023.10.19"]
[SourceVersion "1"]
[SourceVersionDate "2023.10.19"]
[SourceQuality "1"]

1. d4 d5 2. e4 dxe4 3. Nc3 Nf6 4. f3 exf3 5. Nxf3 Bf5 6. Bd3 Bxd3 7. Qxd3 c6 8. 0-0 e6 9. Bg5 Be7 10. Bxf6 Bxf6 11. Ne4 Be7 12. Nfg5 Bxg5 13. Nxg5 Qxg5 14. Rf3 0-0 15. Raf1 Nd7 16. Rh3 Qg6 17. Qxg6 hxg6 18. c3 Nf6 19. b4 a5 20. a3 axb4 21. axb4 Ra2 22. Rb1 Rfa8 0-1

[Event "IECG TE.2006.S.01905"]
[Site "IECG email"]
[Date "2006.08.19"]
[Round "?"]
[White "Law, Steve"]
[Black "Buczinski, Henryk"]
[Result "0-1"]
[WhiteElo "1767"]
[BlackElo "2186"]
[PlyCount "62"]
[EventDate "2006.08.19"]
[EventType "tourn (corr)"]
[EventRounds "2"]
[SourceTitle "Corr 2024"]
[Source "ChessBase"]
[SourceDate "2023.10.19"]
[SourceVersion "1"]
[SourceVersionDate "2023.10.19"]
[SourceQuality "1"]

1. d4 d5 2. e4 dxe4 3. Nc3 c6 4. Nxe4 Bf5 5. Ng3 Bg6 6. Nf3 Nd7 7. Bc4 Ngf6 8. 0-0 e6 9. Re1 Be7 10. Qe2 0-0 11. c3 Qc7 12. Nh4 c5 13. Nxg6 hxg6 14. dxc5 Nxc5 15. Bg5 a6 16. a4 Rad8 17. Qf3 Nd5 18. Bxe7 Nxe7 19. Ne4 Nxe4 20. Qxe4 Rd2 21. b3 Rfd8 22. Qf3 Qc6 23. Qxc6 Nxc6 24. b4 Ne7 25. Kf1 Rc8 26. Re4 Nf5 27. Re2 Rdd8 28. Ba2 Rxc3 29. Ke1 Rd4 30. Rb2 Ra3 31. a5 Ra4 0-1

[Event "IECG TE.2006.S.01905"]
[Site "IECG email"]
[Date "2006.08.19"]
[Round "?"]
[White "Mcdonald, Graham"]
[Black "Law, Steve"]
[Result "1-0"]
[WhiteElo "1716"]
[BlackElo "1767"]
[PlyCount "47"]
[EventDate "2006.08.19"]
[EventType "tourn (corr)"]
[EventRounds "2"]
[SourceTitle "Corr 2024"]
[Source "ChessBase"]
[SourceDate "2023.10.19"]
[SourceVersion "1"]
[SourceVersionDate "2023.10.19"]
[SourceQuality "1"]

1. d4 d5 2. e4 dxe4 3. Nc3 Nf6 4. f3 exf3 5. Nxf3 Bf5 6. Ne5 e6 7. g4 Be4 8. Nxe4 Nxe4 9. Qf3 Qh4+ 10. Kd1 Nd6 11. Nxf7 Nxf7 12. Qxb7 Qxg4+ 13. Be2 Qxd4+ 14. Bd2 Ba3 15. Rb1 0-0 16. Qxa8 Bxb2 17. Rf1 Bc3 18. Bd3 Nd7 19. Bxc3 Qxc3 20. Qe4 Ng5 21. Rxf8+ Nxf8 22. Qf4 Nf7 23. Rb8 g6 24. Bc4 1-0